| 000 -LEADER |
| fixed length control field |
00763 a2200241 4500 |
| 003 - CONTROL NUMBER IDENTIFIER |
| control field |
OSt |
| 005 - DATE AND TIME OF LATEST TRANSACTION |
| control field |
20231117163318.0 |
| 008 - FIXED-LENGTH DATA ELEMENTS--GENERAL INFORMATION |
| fixed length control field |
231117b ||||| |||| 00| 0 eng d |
| 020 ## - INTERNATIONAL STANDARD BOOK NUMBER |
| International Standard Book Number |
9781032084329 |
| 040 ## - CATALOGING SOURCE |
| Original cataloging agency |
BMSCA |
| 041 ## - LANGUAGE CODE |
| Language code of text/sound track or separate title |
eng |
| 082 ## - DEWEY DECIMAL CLASSIFICATION NUMBER |
| Classification number |
720.28 |
| Item number |
GRO |
| 100 ## - MAIN ENTRY--PERSONAL NAME |
| Personal name |
Marta Brković Dodig; Linda N. Groat |
| 245 ## - TITLE STATEMENT |
| Title |
The Routledge Companion to Games in Architecture and Urban Planning |
| Remainder of title |
Tools for Design, Teaching, and Research. |
| 260 ## - PUBLICATION, DISTRIBUTION, ETC. (IMPRINT) |
| Name of publisher, distributor, etc |
Routledge; |
| Date of publication, distribution, etc |
2021. |
| Place of publication, distribution, etc |
New york: |
| 300 ## - PHYSICAL DESCRIPTION |
| Extent |
XIX,253p.: |
| Dimensions |
19cm. |
| 650 ## - SUBJECT ADDED ENTRY--TOPICAL TERM |
| Source of heading or term |
Simulation games in education |
| 650 ## - SUBJECT ADDED ENTRY--TOPICAL TERM |
| Source of heading or term |
Architectural models |
| 650 ## - SUBJECT ADDED ENTRY--TOPICAL TERM |
| Source of heading or term |
Architecture--Simulation methods |
| 650 ## - SUBJECT ADDED ENTRY--TOPICAL TERM |
| Source of heading or term |
City planning--Simulation methods |
| 650 ## - SUBJECT ADDED ENTRY--TOPICAL TERM |
| Source of heading or term |
City planning--Simulation games |
| 942 ## - ADDED ENTRY ELEMENTS (KOHA) |
| Source of classification or shelving scheme |
|